[Event "Chess24 Banter Blitz Cup"]
[Site "chess24.com INT"]
[Date "2020.01.29"]
[Round "2.6"]
[White "Tang, Andrew"]
[Black "Mareco, Sandro"]
[Result "1-0"]
[WhiteTitle "GM"]
[BlackTitle "GM"]
[WhiteElo "2507"]
[BlackElo "2634"]
[WhiteFideId "2059630"]
[BlackFideId "112275"]
[EventDate "2019.09.25"]
[EventType "blitz"]

1. d4 Nf6 2. Bf4 e6 3. e3 b6 4. Nf3 Bb7 5. Bd3 Be7 6. h3 O-O 7. O-O c5 8. Nbd2
d6 9. c3 a6 10. a4 Nbd7 11. Bg3 Qc7 12. Re1 Rfe8 13. e4 Nf8 14. e5 dxe5 15. Nxe5
Qd8 16. Ndc4 cxd4 17. cxd4 Ng6 18. Nxg6 hxg6 19. Ne5 Qd5 20. Nf3 Rac8 21. Qe2
Qb3 22. Ne5 Bb4 23. Red1 Qd5 24. f3 Qxd4+ 25. Kh1 Nh5 26. Bh2 Qh4 27. Bxa6 Bxa6
28. Qxa6 Ng3+ 29. Bxg3 Qxg3 30. Qb5 Be7 31. Re1 Bf6 32. Ng4 Red8 33. Qxb6 Rd2
34. Qg1 Rxb2 35. Qh2 Qxh2+ 36. Kxh2 Rcc2 37. Nxf6+ gxf6 38. Rg1 Ra2 39. Rxa2
Rxa2 40. Rc1 Rxa4 41. Rc8+ Kg7 42. Rc2 f5 43. Re2 Kf6 44. Kg3 e5 45. Re1 e4 46.
Rh1 e3 47. Re1 f4+ 48. Kg4 Ke5 49. g3 f5+ 50. Kg5 fxg3 51. Rxe3+ Kd4 52. Re2 Ra3
53. Rg2 Rxf3 54. Kxg6 Ke4 55. Kg5 f4 56. Rg1 Rf2 57. h4 g2 58. h5 f3 59. h6 Rf1
60. h7 Rxg1 61. h8=Q Rh1 62. Qe8+ Kd3 63. Qb5+ Ke3 64. Qb3+ Ke2 65. Qc2+ Kf1 66.
Qd1+ Kf2 67. Qd2+ Kf1 68. Qf4 g1=Q+ 69. Kf5 Qg2 70. Qc1+ Kf2 71. Qd2+ Kg3 72.
Qg5+ Kf2 73. Qh5 1-0

[Event "Chess24 Banter Blitz Cup"]
[Site "chess24.com INT"]
[Date "2020.01.29"]
[Round "2.7"]
[White "Mareco, Sandro"]
[Black "Tang, Andrew"]
[Result "1/2-1/2"]
[WhiteTitle "GM"]
[BlackTitle "GM"]
[WhiteElo "2634"]
[BlackElo "2507"]
[WhiteFideId "112275"]
[BlackFideId "2059630"]
[EventDate "2019.09.25"]
[EventType "blitz"]

1. e4 e5 2. Nf3 Nc6 3. Bb5 g6 4. O-O Bg7 5. c3 a6 6. Bc4 b5 7. Bb3 Na5 8. Bc2
Ne7 9. a4 Bb7 10. Qe2 O-O 11. axb5 axb5 12. Qxb5 Ba6 13. Qxa5 Bb7 14. Qb4 Rxa1
15. Qxb7 Nc6 16. Na3 Qb8 17. Qxb8 Rxb8 18. d3 Bf8 19. Nc4 f6 20. Be3 Ra2 21.
Nfd2 Kg7 22. f4 d6 23. h3 Be7 24. Bb3 Ra6 25. Rb1 Nd8 26. Bc2 Ne6 27. fxe5 fxe5
28. b4 c6 29. Bb3 Nc7 30. Na5 Nb5 31. Bc4 Bd8 32. Bxb5 Rxb5 33. Nab3 d5 34. Bc5
Ra2 35. Nf3 Bf6 36. Rc1 h5 37. c4 dxc4 38. dxc4 Rb7 39. Na5 Rc7 40. Bd6 Rd7 41.
c5 g5 42. Nxc6 g4 43. hxg4 hxg4 44. Nfxe5 Bg5 45. Nxd7 Be3+ 46. Kh2 Bxc1 47. b5
Rb2 48. b6 Kf7 49. b7 Rxb7 50. Nd8+ Ke8 51. Nxb7 Kxd7 52. Bg3 Kc6 53. Nd6 Kxc5
54. Nf5 Kc6 55. Bf2 Kd7 56. Kg3 Ke6 57. Kxg4 Ke5 58. Kf3 Ke6 59. g4 Ba3 60. Be3
Kf7 61. g5 Kg6 62. Kg4 Bf8 63. Bf4 Kf7 64. Nh4 Ke6 65. g6 Bg7 66. Bg5 Bd4 67.
Nf5 Bb2 68. g7 Kf7 69. Bh6 Bc3 70. Ne7 Bxg7 71. Bxg7 Ke6 72. Bd4 Kf7 73. Kf5 Ke8
74. e5 Kd7 75. Ng6 Ke8 76. e6 Kd8 77. e7+ Kd7 78. Kf6 Kd6 79. Kf7 Kd5 80. e8=Q
Kc4 81. Qe5 Kd3 82. Qc5 Ke4 1/2-1/2

[Event "Chess24 Banter Blitz Cup"]
[Site "chess24.com INT"]
[Date "2020.01.29"]
[Round "2.8"]
[White "Tang, Andrew"]
[Black "Mareco, Sandro"]
[Result "1-0"]
[WhiteTitle "GM"]
[BlackTitle "GM"]
[WhiteElo "2507"]
[BlackElo "2634"]
[WhiteFideId "2059630"]
[BlackFideId "112275"]
[EventDate "2019.09.25"]
[EventType "blitz"]

1. d4 Nf6 2. Bf4 g6 3. Nc3 Bg7 4. e4 d6 5. Qd2 O-O 6. O-O-O a6 7. Bh6 b5 8. f3
b4 9. Nce2 a5 10. h4 e5 11. dxe5 Ne8 12. h5 Be6 13. Bxg7 Nxg7 14. Qh6 g5 15. Nh3
Bxh3 16. Rxh3 Nd7 17. Rg3 f6 18. exf6 Qxf6 19. Qxg5 Qxg5+ 20. Rxg5 h6 21. Rg6
Ne5 22. Rxh6 Nf7 23. Rg6 Kh7 24. Nf4 Ne5 25. Rxg7+ Kxg7 26. Ne6+ Kh6 27. Nxf8
Rxf8 28. Be2 Rg8 1-0

[Event "Chess24 Banter Blitz Cup"]
[Site "chess24.com INT"]
[Date "2020.01.29"]
[Round "2.9"]
[White "Mareco, Sandro"]
[Black "Tang, Andrew"]
[Result "0-1"]
[WhiteTitle "GM"]
[BlackTitle "GM"]
[WhiteElo "2634"]
[BlackElo "2507"]
[WhiteFideId "112275"]
[BlackFideId "2059630"]
[EventDate "2019.09.25"]
[EventType "blitz"]

1. e4 e5 2. Nf3 Nc6 3. Bb5 a6 4. Ba4 Nf6 5. d3 d6 6. c3 g6 7. O-O Bg7 8. Re1 O-O
9. h3 Re8 10. Be3 b5 11. Bc2 d5 12. Nbd2 a5 13. a4 b4 14. Bb3 h6 15. Qc2 Be6 16.
Rac1 Rb8 17. Bc5 Nd7 18. exd5 Nxc5 19. dxe6 Nxe6 20. Nc4 Nc5 21. d4 Nxb3 22.
Qxb3 bxc3 23. Qxc3 exd4 24. Rxe8+ Qxe8 25. Qd2 Nb4 26. b3 d3 27. Nxa5 Qe4 28.
Re1 Qd5 29. Nc4 Nc2 30. Rb1 h5 31. Ne1 Qxc4 32. bxc4 Rxb1 33. Qxd3 Rxe1+ 34. Kh2
Nd4 35. a5 Ra1 36. Qd2 Ra4 0-1

[Event "Chess24 Banter Blitz Cup"]
[Site "chess24.com INT"]
[Date "2020.01.29"]
[Round "2.10"]
[White "Tang, Andrew"]
[Black "Mareco, Sandro"]
[Result "1-0"]
[WhiteTitle "GM"]
[BlackTitle "GM"]
[WhiteElo "2507"]
[BlackElo "2634"]
[WhiteFideId "2059630"]
[BlackFideId "112275"]
[EventDate "2019.09.25"]
[EventType "blitz"]

1. d4 Nf6 2. Nf3 g6 3. Nbd2 d5 4. b4 Bg7 5. e3 O-O 6. Bb2 c6 7. Be2 Bf5 8. O-O
Nbd7 9. c4 Ne4 10. Nxe4 Bxe4 11. Ng5 Bf5 12. g4 e5 13. Nxh7 Kxh7 14. gxf5 Qg5+
15. Kh1 exd4 16. Bxd4 Qxf5 17. Bg4 Qe4+ 18. Bf3 Qe7 19. Bxg7 Kxg7 20. cxd5 cxd5
21. Qxd5 Ne5 22. Qxb7 Qf6 23. Bg2 Rab8 24. Qxa7 Rxb4 25. h3 Rh8 26. f4 Nc4 27.
Qd4 Qxd4 28. exd4 Ne3 29. Rf3 Nc2 30. Rd1 Nxd4 31. Rf2 Nf5 32. Rd3 Rb1+ 33. Kh2
Ra1 34. Bd5 Kf6 35. Bb3 Re1 36. Rd7 Re7 37. Rxe7 Nxe7 38. a4 Nc6 39. Bd5 Nd4 40.
a5 Rh5 41. f5 Nxf5 42. a6 1-0

[Event "Chess24 Banter Blitz Cup"]
[Site "chess24.com INT"]
[Date "2020.02.06"]
[Round "2.1"]
[White "Vaibhav, Suri"]
[Black "Jones, Gawain C B"]
[Result "0-1"]
[WhiteTitle "GM"]
[BlackTitle "GM"]
[WhiteElo "2597"]
[BlackElo "2688"]
[WhiteFideId "5045185"]
[BlackFideId "409561"]
[EventDate "2019.09.25"]
[EventType "blitz"]

1. e4 c5 2. Nf3 g6 3. c4 Nc6 4. d4 cxd4 5. Nxd4 Nf6 6. Nc3 d6 7. f3 Bg7 8. Be3
Nh5 9. Qd2 Nxd4 10. Bxd4 Bxd4 11. Qxd4 O-O 12. O-O-O Be6 13. Kb1 Qa5 14. Nd5
Bxd5 15. exd5 Rac8 16. g4 Nf6 17. h4 b5 18. cxb5 Rc5 19. b4 Rxb5 20. Bxb5 Qxb5
21. Ka1 a5 22. g5 Nh5 23. bxa5 Qxa5 24. Rhe1 Ra8 25. Rd2 Ng3 26. Rb1 Nf5 27. Qb4
Qa7 28. h5 Qe3 29. hxg6 hxg6 30. Qb2 Qxg5 31. Rh1 f6 32. Rg2 Qe3 33. Rxg6+ Kf7
34. Rg2 Ng7 35. Rhg1 Nh5 36. Rh1 Qxf3 37. Rhg1 Qxd5 38. Qc2 Qd4+ 39. Qb2 Qxb2+
40. Kxb2 Nf4 41. Rh2 Nd3+ 42. Kc3 Ne5 43. Rh7+ Ke6 44. Rgg7 Rc8+ 45. Kd4 Nc6+
46. Ke3 d5 47. Rxe7+ Nxe7 48. Kd2 Nf5 49. Rh3 Rc4 50. Rd3 Ke5 51. Ra3 Nd4 52.
Ra6 Nc6 53. Ke3 Rd4 54. Ke2 Re4+ 55. Kf3 Rd4 0-1

[Event "Chess24 Banter Blitz Cup"]
[Site "chess24.com INT"]
[Date "2020.02.06"]
[Round "2.2"]
[White "Jones, Gawain C B"]
[Black "Vaibhav, Suri"]
[Result "1/2-1/2"]
[WhiteTitle "GM"]
[BlackTitle "GM"]
[WhiteElo "2688"]
[BlackElo "2597"]
[WhiteFideId "409561"]
[BlackFideId "5045185"]
[EventDate "2019.09.25"]
[EventType "blitz"]

1. e4 c6 2. d4 d5 3. e5 c5 4. dxc5 e6 5. a3 Nc6 6. Nf3 Bxc5 7. Bd3 Nge7 8. O-O
Ng6 9. Re1 O-O 10. b4 Bb6 11. Nbd2 a5 12. b5 Ncxe5 13. Nxe5 Nxe5 14. Rxe5 Bd4
15. Nf3 Bxa1 16. Bxh7+ Kxh7 17. Ng5+ Kg6 18. Re3 Qxg5 19. Rg3 Qxg3 20. hxg3 f5
21. g4 Bf6 22. gxf5+ exf5 23. Qxd5 Re8 24. Be3 a4 25. c4 Be6 26. Qxb7 Bxc4 27.
b6 f4 28. Bxf4 Re1+ 29. Kh2 Rh8+ 30. Kg3 Bh4+ 31. Kg4 Be6+ 32. Kf3 Rd8 33. Qc6
Kf7 34. Qc7+ Rd7 35. Qc2 g5 36. Qh7+ Kf6 37. Qh6+ Kf7 38. Bxg5 Bxg5 39. Qxg5
Rd3+ 40. Kf4 Rd4+ 41. Kf3 Rd3+ 42. Kf4 Rd4+ 43. Kf3 Rd3+ 1/2-1/2

[Event "Chess24 Banter Blitz Cup"]
[Site "chess24.com INT"]
[Date "2020.02.06"]
[Round "2.3"]
[White "Vaibhav, Suri"]
[Black "Jones, Gawain C B"]
[Result "0-1"]
[WhiteTitle "GM"]
[BlackTitle "GM"]
[WhiteElo "2597"]
[BlackElo "2688"]
[WhiteFideId "5045185"]
[BlackFideId "409561"]
[EventDate "2019.09.25"]
[EventType "blitz"]

1. f4 g6 2. Nf3 Bg7 3. g3 c5 4. Bg2 Nf6 5. O-O O-O 6. d3 Nc6 7. c3 d6 8. e4 Rb8
9. h3 c4 10. Be3 cxd3 11. Qxd3 d5 12. e5 Ne4 13. Kh2 e6 14. Nbd2 Nxd2 15. Qxd2
b6 16. Nd4 Nxd4 17. Bxd4 Ba6 18. Rf2 f6 19. exf6 Bxf6 20. Re1 Qd6 21. Bxf6 Rxf6
22. Qd4 Rbf8 23. h4 Qc5 24. Rd2 Qc4 25. a3 Qxd4 26. Rxd4 Bc4 27. Bh3 Kf7 28. Kg2
a5 29. Re5 h5 30. Kf2 b5 31. Bf1 Rb8 32. Rd2 Rf5 33. Re1 Bxf1 34. Kxf1 b4 35.
cxb4 axb4 36. Re3 e5 37. Rxe5 Rxe5 38. fxe5 Ke6 39. Ke2 Kxe5 40. Kf3 bxa3 41.
Re2+ Kd4 42. bxa3 Rb3+ 43. Kf4 Rxa3 44. Re6 Kd3 45. Rxg6 d4 46. Rd6 Ra5 47. g4
hxg4 48. Kxg4 Ke4 49. h5 d3 50. h6 Ra1 51. Re6+ Kd4 52. Rd6+ Ke3 53. Kg5 d2 54.
h7 Ra5+ 55. Kg6 Ra6 56. Rxa6 d1=Q 57. Re6+ Kf4 58. h8=Q Qd3+ 59. Kf7 Qd7+ 60.
Re7 Qd5+ 61. Re6 Qd7+ 62. Re7 Qf5+ 0-1

[Event "Chess24 Banter Blitz Cup"]
[Site "chess24.com INT"]
[Date "2020.02.06"]
[Round "2.4"]
[White "Vaibhav, Suri"]
[Black "Jones, Gawain C B"]
[Result "1-0"]
[WhiteTitle "GM"]
[BlackTitle "GM"]
[WhiteElo "2597"]
[BlackElo "2688"]
[WhiteFideId "5045185"]
[BlackFideId "409561"]
[EventDate "2019.09.25"]
[EventType "blitz"]

1. e4 c5 2. Nf3 d6 3. d4 cxd4 4. Qxd4 Nc6 5. Qe3 g6 6. Be2 Bg4 7. O-O Nf6 8. h3
Bxf3 9. Bxf3 Bg7 10. c3 O-O 11. Rd1 Rc8 12. Nd2 Ne5 13. Be2 Nc6 14. Nf3 Qa5 15.
a4 Nd7 16. Nd2 Qb6 17. Nc4 Qxe3 18. Bxe3 Nde5 19. Nxe5 Bxe5 20. a5 a6 21. f4 Bf6
22. Kf2 Rfd8 23. g3 e6 24. Rd2 d5 25. Bb6 Rd7 26. exd5 Rxd5 27. Rxd5 exd5 28.
Rd1 Ne7 29. Bf3 Kf8 30. Bxd5 Nxd5 31. Rxd5 Ke8 32. Kf3 Rc4 33. g4 Rc6 34. Rd3
Rc4 35. Re3+ Kd7 36. Re4 Rc8 37. Ke3 Rc6 38. Kd3 Rd6+ 39. Bd4 Kc8 40. b4 Bxd4
41. Rxd4 Re6 42. Re4 Rd6+ 43. Ke3 f5 44. Rc4+ Kb8 45. gxf5 gxf5 46. Rc5 Re6+ 47.
Re5 Rh6 48. Rxf5 Rxh3+ 49. Kd4 h5 50. c4 Rb3 51. Kc5 h4 52. Rh5 h3 53. Rh7 Kc8
54. b5 axb5 55. cxb5 Rf3 56. Kb6 Rxf4 57. Rh8+ Kd7 58. Kxb7 Rf5 59. Ka6 Rf6+ 60.
b6 Kc6 61. Rxh3 Rf5 62. Rc3+ Kd7 63. b7 Rf6+ 64. Ka7 Rf7 65. a6 Ke6 66. Rb3 Rd7
67. Rb6+ Ke5 68. Ka8 Rd5 69. b8=Q+ Kd4 70. Qb7 Kc3 71. Qxd5 Kc2 72. Qc6+ Kd1 73.
Rb7 Ke1 74. Rd7 Kf1 75. Qe6 Kg1 76. Rf7 Kh1 77. Qg6 Kh2 78. Rh7# 1-0

[Event "Chess24 Banter Blitz Cup"]
[Site "chess24.com INT"]
[Date "2020.02.06"]
[Round "2.5"]
[White "Jones, Gawain C B"]
[Black "Vaibhav, Suri"]
[Result "0-1"]
[WhiteTitle "GM"]
[BlackTitle "GM"]
[WhiteElo "2688"]
[BlackElo "2597"]
[WhiteFideId "409561"]
[BlackFideId "5045185"]
[EventDate "2019.09.25"]
[EventType "blitz"]

1. e4 c6 2. d4 d5 3. e5 c5 4. Nf3 cxd4 5. Nxd4 e6 6. Nd2 Ne7 7. Bd3 Nbc6 8. N2f3
Nxd4 9. Nxd4 Nc6 10. Nxc6 bxc6 11. Qg4 h5 12. Qg3 g6 13. Bg5 Be7 14. h4 Rb8 15.
O-O Bxg5 16. hxg5 Rxb2 17. Rfb1 Rb6 18. a4 O-O 19. Qf4 c5 20. Rxb6 axb6 21. g4
hxg4 22. Kg2 Kg7 23. Rb1 Rh8 24. Qf6+ Qxf6 25. exf6+ Kf8 26. Rxb6 Ke8 27. a5 c4
28. a6 Bxa6 29. Bxg6 Bc8 30. Rc6 Kd7 31. Rxc8 Rxc8 32. Bxf7 d4 33. Kf1 d3 34.
Ke1 c3 35. Kd1 d2 36. g6 Rb8 37. Ke2 Rb1 38. Ke3 d1=Q 39. Kf4 Qf3+ 40. Kg5 Rb5+
41. Kh6 Qxf6 42. Bg8 Ke7 43. Bh7 Rg5 44. f4 Rf5 0-1

[Event "Chess24 Banter Blitz Cup"]
[Site "chess24.com INT"]
[Date "2020.02.06"]
[Round "2.6"]
[White "Vaibhav, Suri"]
[Black "Jones, Gawain C B"]
[Result "1-0"]
[WhiteTitle "GM"]
[BlackTitle "GM"]
[WhiteElo "2597"]
[BlackElo "2688"]
[WhiteFideId "5045185"]
[BlackFideId "409561"]
[EventDate "2019.09.25"]
[EventType "blitz"]

1. e4 c5 2. Nf3 d6 3. d4 Nf6 4. dxc5 Nxe4 5. cxd6 Nxd6 6. Bf4 Nc6 7. Bxd6 Qxd6
8. Qxd6 exd6 9. Bc4 Be6 10. Nbd2 d5 11. Bb5 a6 12. Be2 Nb4 13. Nd4 Bc5 14. N2b3
Ba7 15. c3 Nc6 16. O-O-O Nxd4 17. Nxd4 O-O-O 18. f4 Kc7 19. Rhe1 Rhe8 20. Bf3 g6
21. g3 h5 22. h4 Bxd4 23. Rxd4 f6 24. Kd2 b5 25. a4 Kb6 26. Ra1 Bf7 27. axb5
axb5 28. b4 Ra8 29. Rxa8 Rxa8 30. Bxd5 Bxd5 31. Rxd5 Ra2+ 32. Ke3 Rg2 33. Kf3
Rc2 34. Rd6+ Kc7 35. Rxf6 Rxc3+ 36. Kg2 Rc4 37. Rxg6 Rxb4 38. Rg5 Kd6 39. Rxh5
Ke6 40. Kh3 Rb1 41. Rc5 Kd6 42. Rg5 Ke7 43. h5 Kf6 44. Kg4 b4 45. Rb5 b3 46.
Rb6+ Kg7 47. Kg5 Kf7 48. g4 b2 49. h6 Ke7 50. f5 Kd7 51. h7 Kc7 52. Rb3 Rh1 53.
Rxb2 Rxh7 54. Kg6 Rh1 55. g5 Kd7 56. f6 Rg1 57. Rd2+ Ke8 58. f7+ Ke7 59. Re2+ 1-0

[Event "Chess24 Banter Blitz Cup"]
[Site "chess24.com INT"]
[Date "2020.02.06"]
[Round "2.7"]
[White "Jones, Gawain C B"]
[Black "Vaibhav, Suri"]
[Result "1/2-1/2"]
[WhiteTitle "GM"]
[BlackTitle "GM"]
[WhiteElo "2688"]
[BlackElo "2597"]
[WhiteFideId "409561"]
[BlackFideId "5045185"]
[EventDate "2019.09.25"]
[EventType "blitz"]

1. e4 c6 2. Nc3 d5 3. Nf3 Bg4 4. h3 Bxf3 5. Qxf3 Nf6 6. Be2 e6 7. O-O Bc5 8. Rd1
Bd4 9. Qf4 Bxc3 10. bxc3 Nxe4 11. Ba3 Nd7 12. Rab1 b6 13. c4 Qf6 14. Qe3 Qg5 15.
f4 Qg3 16. Bf3 g5 17. Bxe4 Qxe3+ 18. dxe3 dxe4 19. fxg5 Rg8 20. Rd6 Ne5 21. Bb2
Nxc4 22. Rxc6 Nxb2 23. Rxb2 Kd7 24. Rc4 Rxg5 25. Rxe4 Rc8 26. c4 Rgc5 27. Rd4+
Ke7 28. Rb4 R8c7 29. Kf2 h5 30. Ke2 Ra5 31. Rb2 Ra4 32. Kd3 Ra3+ 33. Kd2 Ra4 34.
Rc2 Rc5 35. h4 Rca5 36. g4 hxg4 37. Rxg4 Rxa2 38. Rg8 Rxc2+ 39. Kxc2 Ra2+ 40.
Kd3 Rh2 41. Ra8 a5 42. Ra6 Rxh4 43. Rxb6 Rh5 44. Ra6 f6 45. Kd4 Kd7 46. c5 a4
47. Rxa4 Rh4+ 48. e4 f5 49. Ra7+ Kc6 50. Ra6+ Kc7 51. Rxe6 Rxe4+ 52. Rxe4 fxe4
53. Kxe4 Kc6 54. Kd4 Kc7 55. Kd5 Kd7 1/2-1/2

[Event "Chess24 Banter Blitz Cup"]
[Site "chess24.com INT"]
[Date "2020.02.06"]
[Round "2.8"]
[White "Vaibhav, Suri"]
[Black "Jones, Gawain C B"]
[Result "1-0"]
[WhiteTitle "GM"]
[BlackTitle "GM"]
[WhiteElo "2597"]
[BlackElo "2688"]
[WhiteFideId "5045185"]
[BlackFideId "409561"]
[EventDate "2019.09.25"]
[EventType "blitz"]

1. e4 e5 2. Nf3 Nc6 3. Nc3 Nf6 4. d4 exd4 5. Nxd4 Bb4 6. Nxc6 bxc6 7. Bd3 d5 8.
exd5 O-O 9. O-O cxd5 10. h3 Re8 11. Qf3 Rb8 12. Bf4 Bb7 13. Nb5 d4 14. Qg3 Nh5
15. Qg4 Nxf4 16. Qxf4 Bc5 17. Qxc7 Qxc7 18. Nxc7 Re7 19. Nb5 a6 20. Na3 Bd5 21.
Nc4 Bxc4 22. Bxc4 Rxb2 23. Bxa6 Rxc2 24. Rac1 Rxc1 25. Rxc1 Rc7 26. Bd3 Kf8 27.
a4 Bb6 28. Rxc7 Bxc7 29. Kf1 h5 30. Ke2 Ke7 31. Bc4 f6 32. Kd3 Kd6 33. h4 Ke5
34. Bf7 Ba5 35. Bxh5 Be1 36. Ke2 Ba5 37. Bg6 Kf4 38. g3+ Ke5 39. f4+ Kd5 40. Bd3
Kc5 41. Kf3 Kb4 42. Bb5 Kc3 43. Ke4 g6 44. g4 Bc7 45. h5 f5+ 46. gxf5 gxh5 47.
f6 h4 48. f7 Bd6 49. a5 h3 50. Kf3 Kb4 51. a6 Kxb5 52. a7 d3 53. a8=Q d2 54.
Qd5+ Bc5 55. Qxd2 Kc6 56. Qd3 Be7 57. Qe4+ Kd6 58. Qg6+ Kd7 59. Qg4+ Kd6 60.
Qxh3 Kc7 61. Qh5 Bf8 62. Qg6 Kd7 63. Ke4 Ke7 64. Qf5 Kd6 65. Qe5+ Kc6 66. Kf5
Kb6 67. Qe6+ Bd6 68. Kg6 Ka7 69. Kh7 Ka8 70. Kg8 Kb7 71. Qd7+ 1-0

[Event "Chess24 Banter Blitz Cup"]
[Site "chess24.com INT"]
[Date "2020.02.06"]
[Round "2.9"]
[White "Jones, Gawain C B"]
[Black "Vaibhav, Suri"]
[Result "1-0"]
[WhiteTitle "GM"]
[BlackTitle "GM"]
[WhiteElo "2688"]
[BlackElo "2597"]
[WhiteFideId "409561"]
[BlackFideId "5045185"]
[EventDate "2019.09.25"]
[EventType "blitz"]

1. e4 c5 2. Nc3 d6 3. f4 Nc6 4. Nf3 g6 5. Bb5 Bg7 6. Bxc6+ bxc6 7. d3 e6 8. O-O
Ne7 9. Kh1 O-O 10. Qe1 Rb8 11. e5 Nf5 12. Ne4 c4 13. dxc4 Ba6 14. b3 d5 15. Nc5
Bc8 16. Qe2 dxc4 17. Qxc4 Qd5 18. Qxd5 cxd5 19. a4 Rd8 20. Ba3 Ne3 21. Rf2 f6
22. Re2 d4 23. Nxd4 Rxd4 24. Rxe3 Rxf4 25. Rd1 fxe5 26. Rd8+ Rf8 27. Red3 Rxd8
28. Rxd8+ Kf7 29. Ne4 h6 30. Nd6+ 1-0

[Event "Chess24 Banter Blitz Cup"]
[Site "chess24.com INT"]
[Date "2020.02.06"]
[Round "2.10"]
[White "Vaibhav, Suri"]
[Black "Jones, Gawain C B"]
[Result "0-1"]
[WhiteTitle "GM"]
[BlackTitle "GM"]
[WhiteElo "2597"]
[BlackElo "2688"]
[WhiteFideId "5045185"]
[BlackFideId "409561"]
[EventDate "2019.09.25"]
[EventType "blitz"]

1. e4 c5 2. Nf3 g6 3. c4 Nc6 4. d4 cxd4 5. Nxd4 Nf6 6. Nc3 d6 7. f3 Bg7 8. Be3
Nh5 9. Qd2 O-O 10. Nxc6 bxc6 11. g4 Nf6 12. h4 h5 13. gxh5 Nxh5 14. Rg1 Rb8 15.
O-O-O Qa5 16. Rg5 c5 17. Rxh5 Bxc3 18. Qxc3 Qxc3+ 19. bxc3 gxh5 20. Bd3 e5 21.
Rg1+ Kh7 22. Rg5 f6 23. Rxh5+ Kg7 24. Bh6+ Kg6 25. Bxf8 Kxh5 26. Bxd6 Rb7 27.
Bxc5 Kxh4 28. Bf2+ Kg5 29. Be3+ Kh4 30. Bf2+ Kh3 31. Bf1+ Kh2 32. c5 Bd7 33. Bc4
Kg2 34. Bd5 Rc7 35. Bh4 Rxc5 36. Bxf6 Rxc3+ 37. Kd2 Rxf3 38. Bxe5 Ra3 39. Bd4
Kg3 40. Bb3 Kf4 41. e5 Ke4 42. Bc3 Ra6 43. Kc2 Rh6 44. Kb2 Be6 45. Ka3 Kd3 46.
Bb4 Bxb3 47. axb3 Kc2 48. Bd6 Rh3 49. Kb4 Rxb3+ 50. Kc4 Rb6 51. Kd5 a5 52. e6
Rb5+ 53. Bc5 Rb8 54. e7 a4 55. Kc6 Rc8+ 56. Kd7 Rxc5 57. e8=Q Rd5+ 0-1

[Event "Chess24 Banter Blitz Cup"]
[Site "chess24.com INT"]
[Date "2020.02.06"]
[Round "2.11"]
[White "Jones, Gawain C B"]
[Black "Vaibhav, Suri"]
[Result "1-0"]
[WhiteTitle "GM"]
[BlackTitle "GM"]
[WhiteElo "2688"]
[BlackElo "2597"]
[WhiteFideId "409561"]
[BlackFideId "5045185"]
[EventDate "2019.09.25"]
[EventType "blitz"]

1. e4 c6 2. d4 d5 3. e5 c5 4. dxc5 e6 5. Bd3 Bxc5 6. Nd2 Ne7 7. Qh5 Ng6 8. Ndf3
Nc6 9. Ne2 Qc7 10. Bxg6 fxg6 11. Qg5 O-O 12. O-O b6 13. Re1 h6 14. Qg3 g5 15.
Be3 Bxe3 16. fxe3 g4 17. Nfd4 Nxe5 18. Rf1 Bd7 19. Nf4 Qd6 20. Ng6 Rxf1+ 21.
Rxf1 Nc4 22. Qxd6 Nxd6 23. Ne5 Rd8 24. Nxg4 Nc4 25. b3 e5 26. Nf5 Bxf5 27. Rxf5
Na3 28. Nxe5 Nxc2 29. Nc6 Rd7 30. Kf2 Rc7 31. Nd8 Nb4 32. a3 Nc2 33. a4 a5 34.
h4 Rc3 35. h5 Nxe3 36. Rf4 d4 37. Rxd4 Rxb3 38. Re4 Nf5 39. Re8+ Kh7 40. g4 Nh4
41. Re7 Kg8 42. Ne6 Rf3+ 43. Ke2 Rf7 44. Re8+ Kh7 45. Nf8+ Rxf8 46. Rxf8 g6 47.
Rf7+ Kg8 48. hxg6 Nxg6 49. Rf6 Ne5 50. Rxh6 Nxg4 51. Rxb6 Kf7 52. Rb5 Ke6 53.
Rxa5 Ne5 54. Rc5 Nc6 55. Rxc6+ 1-0

[Event "Chess24 Banter Blitz Cup"]
[Site "chess24.com INT"]
[Date "2020.02.06"]
[Round "2.12"]
[White "Vaibhav, Suri"]
[Black "Jones, Gawain C B"]
[Result "0-1"]
[WhiteTitle "GM"]
[BlackTitle "GM"]
[WhiteElo "2597"]
[BlackElo "2688"]
[WhiteFideId "5045185"]
[BlackFideId "409561"]
[EventDate "2019.09.25"]
[EventType "blitz"]

1. e4 c5 2. Nf3 g6 3. c4 Nc6 4. d4 cxd4 5. Nxd4 Nf6 6. Nc3 Bg7 7. f3 d6 8. Be3
Nh5 9. Qd2 O-O 10. O-O-O Nxd4 11. Bxd4 Bxd4 12. Qxd4 Be6 13. Kb1 Qa5 14. Nd5
Bxd5 15. exd5 Rfc8 16. g4 Nf6 17. h4 b5 18. cxb5 Rab8 19. h5 Rc5 20. Bc4 Qb4 21.
b3 Rbc8 22. Ka1 Rxc4 23. bxc4 Rxc4 24. Qb2 Qa5 25. hxg6 fxg6 26. g5 Nh5 27. Rc1
Rxc1+ 28. Rxc1 Ng7 29. a3 Kf7 30. Qb4 Qb6 31. Ka2 Qf2+ 32. Kb3 Qxf3+ 33. Qc3 Qf4
34. Qc4 Qxg5 35. Rf1+ Nf5 36. Qe4 Kg7 37. Kb4 Qd2+ 38. Ka4 h5 39. Rg1 Qd4+ 40.
Qxd4+ Nxd4 41. Kb4 h4 42. Kc4 Nf3 43. Rh1 g5 44. Kd3 g4 45. Ke3 Kf6 46. Kf4 Ne5
47. a4 g3 48. a5 Nd3+ 49. Kf3 Ne5+ 50. Kg2 Ng6 51. b6 axb6 52. a6 Nf4+ 53. Kf3
g2 54. Rg1 h3 55. Kg3 Ne2+ 56. Kh2 Nxg1 57. Kxg1 Ke5 58. a7 Kxd5 59. a8=Q+ Ke5
60. Qg8 e6 61. Qg3+ Kd4 62. Qxh3 e5 63. Qxg2 d5 64. Qf2+ Kc4 65. Kf1 d4 66. Qe2+
Kd5 67. Ke1 e4 68. Qd2 Ke5 69. Qb2 e3 70. Qb5+ Ke4 0-1

[Event "Chess24 Banter Blitz Cup"]
[Site "chess24.com INT"]
[Date "2020.02.06"]
[Round "2.13"]
[White "Jones, Gawain C B"]
[Black "Vaibhav, Suri"]
[Result "1-0"]
[WhiteTitle "GM"]
[BlackTitle "GM"]
[WhiteElo "2688"]
[BlackElo "2597"]
[WhiteFideId "409561"]
[BlackFideId "5045185"]
[EventDate "2019.09.25"]
[EventType "blitz"]

1. e4 c6 2. d4 d5 3. e5 c5 4. Nf3 Nc6 5. c4 cxd4 6. Nxd4 e6 7. Nc3 Bc5 8. Nxc6
bxc6 9. Qg4 Ne7 10. Qxg7 Ng6 11. cxd5 cxd5 12. Bb5+ Bd7 13. O-O Bf8 14. Qf6 Be7
15. Qg7 Bf8 16. Qf6 Be7 17. Qg7 Bxb5 18. Nxb5 Qb6 19. a4 a6 20. Be3 Qb8 21. Nd6+
Bxd6 22. exd6 Qxd6 23. Rac1 e5 24. Bc5 Qd7 25. f4 f5 26. Qf6 e4 27. Bd6 Qf7 28.
Qd4 Qe6 29. Rc6 Rd8 30. Qc5 Qf7 31. Rc7 Qe6 32. Qc6+ Rd7 33. Rxd7 Qxd7 34. Qxd5
a5 35. Rc1 Ne7 36. Qe5 1-0